Quizzes
Events
Quiz Creation
Community
Videos
Private Events
Remove Ads
Sign In
Join for FREE
Feedback
Dark Mode
Quiz Categories
Sports
Geography
Music
Movies
Television
Just For Fun
Miscellaneous
History
Literature
Language
Science
Gaming
Entertainment
Religion
Holiday
For Kids
Quiz Lab
Recent
Popular Today
Quiz Kudos Today
Editor Picks
Curator Picks
Quizzes by...
Day
Popularity
Type
Ratings
Length
Year
Community
Subscriptions
Recent Discussions
Orange Saloon
Badges
Playlists
Quests
Create
Leaderboards
Showdown
Live 5
Trivia Bingo
Activity
Puzzle Library
Sporcle Events
Private Events
Virtual Trivia
Globe League
Become a Host
Pub Owners
SporcleCon
Opinionation
Our Games
Videos
Blog
Mobile Apps
Partnerships
Remove Ads and Go Orange
Feedback
Music
Pop Music
The Beatles
Song
Album
Lyrics
Bands
Singers
Artist
Clip
Rock
Rap
Classical
Billboard
Country Music
Kpop
Taylor Swift
Music
Pop Music
The Beatles
Song
Album
Lyrics
Bands
Singers
Artist
Clip
Rock
Rap
Classical
Billboard
Country Music
Kpop
Taylor Swift
Random Quiz
Search Sporcle
×
Quiz Lab
Quiz Lab
Music
Song
Type in answers that appear in a list
Type in answers that appear in a list
Classic
Best Score? Go Orange.
Studio Albums Stats
Can you name the Bands By All Their Studio Albums?
By
tanzanite
10m
13 Questions
41 Plays
41 Plays
41 Plays
Comments
Comments
Give Quiz Kudos
Give Quiz Kudos
-
- Ratings
hide this ad
Replay
Link that replays current quiz
Next Quiz
Link to next quiz in quiz playlist
You Got
0%
They Got
Avg Score
75%
Avg Friend Score
Upgrade to see
Score Distribution
Jump to the score distribution portion of the page
Score
0/13
Timer
10:00
0
Plays Today
Studio Albums (Years)
Band
% Correct
Bleach (1989) Nevermind (1991), In Utero(1993)
Nirvana
100%
Appetite For Destruction (1987) Gn'R Lies (1988) Use Your Illusion I & II (1991) The Spaghetti Incident (1993) Chinese Democracy (2008)
Guns N' Roses
97.6%
S/
T (1970) Paranoid (1970) Master of Reality (1971) Vol.4 (1973) Sabbath Bloody Sabbath (1973) Sabotage (1975) Technical Ecstacy (1976) Never Say Die (1978) Heaven And Hell (1980)
Black Sabbath
97.6%
Kill 'Em All (1983) Ride The Lightning (1984) Master Of Puppets (1986) ...And Justice For All (1988) S/
T (1991) Load(1996) Reload (1997) St Anger (2003) Death Magnetic (2008)
Metallica
95.1%
High Voltage (1976) Dirty Deeds Done Dirt Cheap (1976) Let There Be Rock (1977) Powerage (1978) Highway To Hell (1979) Back In Black (1980) For Those About To Rock (1981) Flick Of
ACDC
95.1%
S/
T (1980) Killers (1981) The Number Of The Beast (1982) Piece of mind (1983) Powerslave (1984) Somewhere in Time (1986) Seventh Son Of A Seventh Son (1988) No Prayer For The Dying
Iron Maiden
80.5%
Killing Is My Business...And Business is Good (1985) Peace Sells...But Who's Buying? (1986) So Far, So Good...So What? (1988) Rust In Peace(1990) Countdown To Extinction (1992) You
Megadeth
73.2%
S/
T (1992) Evil Empire (1996) Battle of Los Angeles (1999) Renegades (2000)
Rage Against The Machine
70.7%
Show No Mercy (1983) Hell Awaits (1985) Reign In Blood (1986) South Of Heaven (1988) Seasons In the Abbys (1990) Divine Intervention (1994) Undisputed Attitude (1996) Diabolus In M
Slayer
63.4%
S/
T (1978) S/
T II (1979) Women And Children First (1980) Fair Warning (1981) Diver Down (1982) 1984 (1984) 5150 (1986) OU812 (1988) For Unlawful Carnal Knowledge (1991) Balance (19
Van Halen
61%
S/
T, (1998) Rated R (2000) Songs For The Deaf (2002) Lullabys To Paralize (2005) Era Vulgaris (2007) Like Clockwork (2013)
Queens Of The Stone Age
51.2%
Permission To Land (2003) One Way Ticket To Hell (2005) Hot Cakes (2012)
The Darkness
46.3%
Fistfull Of Metal (1984) Spreading The Disease (1985) Among The Living (1987) State Of Euphoria (1988) Persistance Of Time (1990) The Sound of White Noise (1993) Stomp 442 (1995) V
Anthrax
46.3%
Quiz Playlist
Details
Report
Send in Message
Add To Playlist
Classic:
Type in answers that appear in a list
Last Updated: Jul 6, 2017
Quiz Scoreboard
CHALLENGE
Sign Up to Join the Scoreboard
Show All
Scores
Hide
Comments
May contain spoilers
Recently Published
Movies - When Are They Set?
by FPL_Elf
Movies
5m
Popular People in 1961
by mucciniale
History
6m
1-10 Letter E Words III
by El_Dandy
Language
2m
More to Explore
Quiz From the Vault
Featured Blog Post
Where Did the Easter Bunny Come From?
hide this ad
You Might Also Like...
Tags
Album Quiz
Song Quiz
studio
Studio Albums
Today's Top Quizzes in Music
Browse Music
hide this ad
Today's Top Quizzes in Song
Browse Song
Top Contributed Quizzes in Music
1
Taylor Swift All Songs (2024)
2
2010s Album by Cover III
3
One Thing in Common: Music
4
Guess the Artist- 70s Songs
5
Taylor Swift Logic Puzzle
6
Guess the Taylor Swift song (Mystery Song)
7
2010s Album by Cover IV
8
2010s Album by Cover V
9
KPOP LOGIC QUIZ
10
2010s Album by Cover VI
Explore More
Trending Topics
Disney
Kpop
Anime
Crossword
Harry Potter
Marvel
NBA
Pokémon
NFL
Puzzle
The Office
Country
Song
WWE
Soccer
hide this ad
More By:
tanzanite
Quiz
Plays
Rating
Category
Featured
Created
Pierce The Veil Songs By Initials
1,096
5.00
Music
Jul 30, 2019
Iron Maiden Song By Opening Line
682
1.80
Music
Jan 24, 2013
Neck Deep Songs
501
5.00
Music
Aug 21, 2017
Pop Punk 10-1
409
Music
Jul 1, 2019
In Memoriam: Eastenders
340
4.50
Television
Aug 14, 2018
Go to Creator's Profile
Score Distribution
Quiz Creator Spotlight
tanzanite
Follow
Send a Message
Quizzes Created
-
Created Quiz Play Count
-
More By This Creator
Popular Quizzes Today
1
Find the Countries of Europe - No Outlines Minefield
2
Find the US States - No Outlines Minefield
3
The Countries of the World
4
Popular People in 1961
5
1-10 Letter E Words III
6
US States
7
Find the US States
8
One Thing in Common: World Cities II
More Music Quizzes
Sabrina Carpenter 'because i liked a boy' lyrics
Quiz Lab
Trending Quizzes
Risky Map Clicking: Least Populous States A-Z
Humor Books: The Subtitles
1-10 Letter F Words
1-10 Letter G Words
One Thing in Common: United Kingdom
Recently Updated
Leaping Animals
pecheneg
Reality TV Shows (A-Z)
bhenderson79
Rickey Henderson's Hall of Fame Teammates
pecheneg
Champions League XIs: Arsenal
pecheneg
Quick Pick: Celebrities in WWE's Hall of Fame
aduchscher
A-Z Keypad Blitz II
pecheneg
Multiple Oscar Actors
pecheneg
Mystery Phrase Blitz: Oscar 'Best Actors'
pecheneg
F. Scott Fitzgerald Novels
LTH
Pick 3 Villains
ddd62291
Trending Topics
Disney
Crossword
Kpop
NBA
Harry Potter
Anime
Marvel
Pokémon
Country
Song
WWE
Soccer
The Office
Puzzle
NFL
Your Account Isn't Verified!
In order to create a playlist on Sporcle, you need to verify the email address you used during registration. Go to your
Sporcle Settings
to finish the process.
Report this User
Report this user for behavior that violates our
Community Guidelines
.
Details:
Send Report
Go to the Sporcle.com Mobile Site →
Comments